No more party games (Record no. 74884)

MARC details
000 -LEADER
fixed length control field 01152cam a2200253 4500
001 - CONTROL NUMBER
control field ABS68726
008 - FIXED-LENGTH DATA ELEMENTS--GENERAL INFORMATION
fixed length control field 050304n2005 000 0 eng u
035 ## - SYSTEM CONTROL NUMBER
System control number (Sirsi) u128951
100 ## - MAIN ENTRY--PERSONAL NAME
Personal name Yule, I.
245 ## - TITLE STATEMENT
Title No more party games
260 ## - PUBLICATION, DISTRIBUTION, ETC.
Date of publication, distribution, etc. 2005
490 ## - SERIES STATEMENT
Series statement Building
Volume/sequential designation 270(8370) 25 February 2005, 54(1)
520 ## - SUMMARY, ETC.
Summary, etc. Describes the use of the interface or co-operation agreement for PFI projects. Interface agreements help prevent PFI project companies or Special Purpose Vehicles (SPV) from becoming embroiled in disputes, as they require contractors (building and facilities management) to settle disputes between themselves without the involvement of the SPV. Explains how these agreements have become more complicated and highlights what contractors should watch out for, such as risk of insolvency and caps on liability.
590 ## - LOCAL NOTE (RLIN)
Local note ABS
590 ## - LOCAL NOTE (RLIN)
Local note RKA
650 ## - SUBJECT ADDED ENTRY--TOPICAL TERM
Topical term or geographic name entry element PFI PROJECTS
650 ## - SUBJECT ADDED ENTRY--TOPICAL TERM
Topical term or geographic name entry element SPECIAL PURPOSE VEHICLE
650 ## - SUBJECT ADDED ENTRY--TOPICAL TERM
Topical term or geographic name entry element BUILDING CONTRACTORS
650 ## - SUBJECT ADDED ENTRY--TOPICAL TERM
Topical term or geographic name entry element INTERFACE AGREEMENTS
650 ## - SUBJECT ADDED ENTRY--TOPICAL TERM
Topical term or geographic name entry element FACILITIES MANAGEMENT
9 (RLIN) 6240
650 ## - SUBJECT ADDED ENTRY--TOPICAL TERM
Topical term or geographic name entry element COOPERATION AGREEMENTS
690 ## - LOCAL SUBJECT ADDED ENTRY--TOPICAL TERM (OCLC, RLIN)
Topical term or geographic name as entry element Dispute resolution
9 (RLIN) 6236
942 ## - ADDED ENTRY ELEMENTS (KOHA)
Suppress in OPAC 0
Holdings
Withdrawn status Lost status Source of classification or shelving scheme Damaged status Not for loan Home library Current library Shelving location Date acquired Total Checkouts Full call number Barcode Date last seen Copy number Price effective from Koha item type
    Dewey Decimal Classification     London London Journal article 07/03/2005   ABS68726 128951-1001 06/08/2019 1 06/08/2019 Journal article